Регионална библиотека "Любен Каравелов" - Русе

Отплаване (Запис номер 175648)

MARC детайли
000 -Лидер
Контролно поле с фиксирана дължина 02204nam a2200517 c 4500
003 - Код на организацията, давaща контролен номер
Контролно поле BLK
005 - Дата и час на последна редакция
Контролно поле 20220909105926.0
008 - Елементи от данни с фиксирана дължина
fixed length control field 180411b bul|||||r ||||||| ||bul||
010 ## - Наследен системен номер
LC control number KNG00184242000
020 ## - Международен стандартен номер на книга ISBN
Международен стандартен номер на книга ISBN 978-954-28-1889-2
-- издат.: Сиела Норма
040 ## - Източник на каталожния запис
Идентификатор на билиотеката - собственик на записа BLK
041 ## - Код за език
Код за езика на текст/звукозапис или на отделно заглавие Български
Код за езика КДБФ Български
072 #7 - Код за тематичната категория
Код организация bullib
Код за тематична категория Н83
Текст Чужда художествена литература Н
080 ## - УДК
Текстов определител УДК Англоканадска литература
УДК код - определител по УДК 821.111(71)
УДК определител -94
УДК - код + определител 821.111(71)-94
080 ## - УДК
Текстов определител УДК Други видове песни. Изпълнители
УДК код - определител по УДК 784.7.071.2
УДК определител (410)(092)(0:82-9)
УДК - код + определител 784.7.071.2(410)(092)(0:82-9)
080 ## - УДК
Текстов определител УДК Биографии
УДК код - определител по УДК 929
УДК определител (410)
УДК - код + определител 929(410)
100 1# - Редна дума - Автор
Автор Попов, Мартин
Авторска отговорност първи автор
R(LIN) 338081
139 ## - Редно поле
Редна дума Попов, Мартин
Авторски знак Попов - П 76
245 10 - Сведения за заглавието
Заглавие Отплаване
Подзаглавни данни Фантастичното пътешествие на Уайтснейк : Първата пълна биография
Редно поле (дума) Мартин Попов; прев. от англ. Георги Иванов.
257 ## - Страна на издаване
Страна на създаване/издаване Канада
260 ## - Област на издателските данни
-- София
Име на издателя, разпространителя и проч. Сиела Норма
Година на издаване 2015
300 ## - Физическа характеристика
Страници 236 с., 6 л.
Илюстрации и др. цв. сн.
Размери/Мащаб 23 см
380 ## - Жанр
Жанр Худож. лит.
500 ## - Общи забележки
Забележка Ориг. загл. Sail Away: Whitesnake's Fantastic Voyage / Martin Popoff.
650 #4 - Допълнително описание по предмет – тема
Основно описание – тема или топоним Рокмузика - история
9 (RLIN) 243582
650 #4 - Допълнително описание по предмет – тема
Основно описание – тема или топоним Рокмузика - изпълнители
9 (RLIN) 283474
650 #4 - Допълнително описание по предмет – тема
Основно описание – тема или топоним Рокмузика, английска
9 (RLIN) 270444
650 #4 - Допълнително описание по предмет – тема
Основно описание – тема или топоним Рокпевци, английски
9 (RLIN) 340262
650 #4 - Допълнително описание по предмет – тема
Основно описание – тема или топоним Музикални изпълнители, английски
9 (RLIN) 270445
650 #4 - Допълнително описание по предмет – тема
Основно описание – тема или топоним Уайтснейк
9 (RLIN) 174533
651 #4 - Допълнително описание по предмет - топоним
Географско понятие Великобритания
9 (RLIN) 178698
653 ## - Ключова дума – ненормативна
Ключова дума Уайтснейк
653 ## - Ключова дума – ненормативна
Ключова дума рокизпълнители
653 ## - Ключова дума – ненормативна
Ключова дума рокмузика
653 ## - Ключова дума – ненормативна
Ключова дума хард рок
653 ## - Ключова дума – ненормативна
Ключова дума хеви метъл
653 ## - Ключова дума – ненормативна
Ключова дума блус рок
653 ## - Ключова дума – ненормативна
Ключова дума биографии
659 ## - Тематичен бюлетин
Тематичен бюлетин Н
700 1# - Други автори (авторска отговорност)
Лично име Иванов, Георги
Автороска отговорност (Описва отношението между автора и произведението) прев. от англ.
9 (RLIN) 365594
852 ## - Местоположение
Форматна сигнатура Цб 277755
856 4# - Електронен адрес и достъп
Електронен формат pdf - файл
Път до файла /url/
856 4# - Електронен адрес и достъп
Електронен формат pdf - файл
Път до файла /url/
942 ## - АРТИКУЛИ
Вид на библиотечния материал Книги
Скрит в OPAC Не
Koha issues (borrowed), all copies 6
944 ## - СЪЗДАВАНЕ И РЕДАКЦИЯ на ЗАПИСА
Създаване/Редакция Създаване
Дата на регистрацията/редакция 28.10.2015
Статус, дата на статуса ф /
Служител, извършил регистрацията/редакцията Виолета_Тройчева
944 ## - СЪЗДАВАНЕ И РЕДАКЦИЯ на ЗАПИСА
Създаване/Редакция Редакция
Дата на регистрацията/редакция 13.12.2016
Статус, дата на статуса ф /
Служител, извършил регистрацията/редакцията Людмила_Стоянова
999 ## - СИСТЕМНИ КОНТРОЛНИ НОМЕРА
Koha biblionumber 175648
Koha biblioitemnumber 175648
Наличности
Код за отписване Код за изгубен артикул Код за повреда Коз за рестрикции Код за отдаване Артикулен № Име на библиотеката - собственик Име на библиотеката, в която се намира в момента Статус (Текущо местоположение) Дата на вписване в системата Местоположение - отдел Цена в лева Инвентарен номер Систематично азбучна сигнатура Баркод Номер на екземпляра Цена в евро Служебна бележка Служебен тип на артикула
  Не е изгубен Не е повреден без рестрикции заемане за дома 302345 Регионална библиотека "Любен Каравелов" Русе Регионална библиотека "Любен Каравелов" Русе Заемна - подръчен фонд 2015-10-29 Заемна - подръчен фонд 11.70 120000794199 П 820(71)-9/П 76 120000794199 1 5.98 Дост: Pk Вид: Ф N: 555 Дата: 23.10.2015 Дата инв: 15.02.2018 Бележки инв: П2018 Книги
  Не е изгубен Не е повреден без рестрикции ползва се в читалня 302346 Регионална библиотека "Любен Каравелов" Русе Регионална библиотека "Любен Каравелов" Русе Хранилище 2016-10-20 Хранилище 15.00 120000805067 Цб 277755 120000805067 2 7.67 Дост: Dp Вид: Д N: 40 Дата: 10.09.2016 Книги
  Не е изгубен Не е повреден без рестрикции заемане за дома 302347 Регионална библиотека "Любен Каравелов" Русе Регионална библиотека "Любен Каравелов" Русе Заемна - подръчен фонд 2016-11-03 Заемна - подръчен фонд 7.50 120000805382 П 820(71)-9/П 76 120000805382 3 3.83 Дост: Pk Вид: Ф N: 1484 Дата: 01.11.2016 Дата инв: 15.02.2018 Бележки инв: П2018 Книги
Vip Innovations Ltd, Rousse, Bulgaria 2025